Vista normal
Vista MARC
Entrada Materia (geográfica)
Número de registros utilizados en: 1
001 - CONTROL NUMBER
- control field: 104337
003 - CONTROL NUMBER IDENTIFIER
- control field: Co-BoUCM
005 - DATE AND TIME OF LATEST TRANSACTION
- control field: 20210726134937.0
008 - FIXED-LENGTH DATA ELEMENTS
- fixed length control field: 210726|| aca||aabn | a|a d
040 ## - CATALOGING SOURCE
- Original cataloging agency: Co-BoUCM
- Transcribing agency: Co-BoUCM
151 ## - HEADING--GEOGRAPHIC NAME
- Geographic name: África Subsahara
- General subdivision: Condiciones económicas
670 ## - SOURCE DATA FOUND
- Source citation: Work cat.: (Co-BoUCM)318775: Mbembe, Achille 103215, Necropolitica, 2011